Histoire generale de la naissance et des progrès de la Compaigne de Jesus, et l'analyse de ses constitutions et privileges

Detalles Bibliográficos
Formato: Libro
Lenguaje:Undetermined
French
Publicado: Amsterdam : aux depens de la Compaigne, 1761.
Edición:Nouelle edition corrigée, et augmentée sur les mémoires de l'auteur, comme de toutes les pieces qui viennent touchant cette société
Materias:
Colección:Banco de datos
Acervo:Biblioteca Palafoxiana. Colección bibliográfica
Descripción Física:4 t. ; 4°
Tema general:Historia eclesiástica
Notas:Número de localización: t.1 (19980); t.2 (19981); t.3 (19982); t.4 (19983)
LEADER 00766nam a2200169Ia 4500
008 150723s9999 xx 000 0 und d
041 0 |a fre 
050 0 |a PAFX BR143 H5 
245 1 0 |a Histoire generale de la naissance et des progrès de la Compaigne de Jesus, et l'analyse de ses constitutions et privileges 
250 |a Nouelle edition corrigée, et augmentée sur les mémoires de l'auteur, comme de toutes les pieces qui viennent touchant cette société 
260 |a Amsterdam : aux depens de la Compaigne, 1761. 
300 |a 4 t. ; 4° 
500 |a Número de localización: t.1 (19980); t.2 (19981); t.3 (19982); t.4 (19983) 
650 1 0 |a Historia eclesiástica 
942 |c PALALIB 
943 |g Biblioteca Palafoxiana. Colección bibliográfica 
999 |c 1052344  |d 1052344